<?xml version="1.0" encoding="UTF-8"?>
<collection xmlns="http://www.loc.gov/MARC21/slim">
 <record>
  <leader>00422pamaa2200145   4500</leader>
  <controlfield tag="001">0000028720</controlfield>
  <controlfield tag="005">20070402090000.0</controlfield>
  <datafield tag="020" ind1="0" ind2="0">
   <subfield code="a">967978598X </subfield>
  </datafield>
  <datafield tag="090" ind1="0" ind2="0">
   <subfield code="a">DS796.S257 </subfield>
   <subfield code="b">SHE 1997</subfield>
  </datafield>
  <datafield tag="100" ind1="1" ind2="0">
   <subfield code="a">SHEN </subfield>
  </datafield>
  <datafield tag="245" ind1="1" ind2="0">
   <subfield code="a">Villa Shen : </subfield>
   <subfield code="b">an old Shanghai story  </subfield>
   <subfield code="c">Peter Shen.</subfield>
  </datafield>
  <datafield tag="260" ind1="0" ind2="0">
   <subfield code="a">Petaling Jaya: </subfield>
   <subfield code="b">Pelanduk Pub., </subfield>
   <subfield code="c">1997.</subfield>
  </datafield>
  <datafield tag="300" ind1=" " ind2=" ">
   <subfield code="a">108p.: </subfield>
   <subfield code="b">ill.; </subfield>
   <subfield code="c">28cm.</subfield>
  </datafield>
  <datafield tag="650" ind1="0" ind2="0">
   <subfield code="a">Shanghai (China) -- </subfield>
   <subfield code="x">History </subfield>
  </datafield>
  <datafield tag="650" ind1="0" ind2="0">
   <subfield code="a">Villa Shen (Shanghai, China) </subfield>
  </datafield>
 </record>
</collection>
